00273nam a2200121Ia 4500008004100000082001600041100002000057245002300077250001200100260002300112300000800135650000800143191201s2008 xx 000 0 und d a005.43bDOS aDONOVAN, John J 0aSystem Programming a44 rep. aN.DelhibTMHc2008 a488 aMCA